Biblioteca

Corruption, public policies and ethical challenges from a perspective of Christian commitment (Registro nro. 68810)

Detalles MARC
000 -LÍDER
Campo fijo de descripción fija 01400nab a2200217 i 4500
001 - NÚMERO DE CONTROL
Campo de control 768714001
003 - IDENTIFICADOR DEL NÚMERO DE CONTROL
Campo de control CO-MdFUSB
005 - FECHA Y HORA DE LA ULTIMA TRANSACCIÓN
control field 20240313125321.0
008 - ELEMENTOS DE LONGITUD FIJA -- INFORMACIÓN GENERAL
Campo fijo de descripción fija -- Información general 230428s2017 cl ||||| |||| 00| 0 eng d
022 ## - NÚMERO INTERNACIONAL NORMALIZADO PARA PUBLICACIONES SERIADAS
Número Internacional Normalizado para Publicaciones Seriadas 1669-8949
040 ## - FUENTE DE CATALOGACIÓN
Idioma de catalogación eng
Agencia Catalogadora CO-MdFUSB
Agencia que realiza la transcripción CO-MdFUSB
Agencia que realiza la modificación CO-MdFUSB
041 ## - CÓDIGO DE IDIOMA
Código de idioma para texto/pista de sonido o título separado eng
100 ## - ASIENTO PRINCIPAL--NOMBRE PERSONAL
Nombre personal Arroyo, Víctor,
Término relacionador autor
245 ## - TÍTULO
Título Corruption, public policies and ethical challenges from a perspective of Christian commitment
Mención de responsabilidad / Víctor Arroyo
300 ## - DESCRIPCIÓN FÍSICA
Extensión Volumen 12, número 2 (2017), páginas 83 - 102
Dimensiones ; 23 cm
520 ## - NOTA DE RESUMEN, ETC.
Nota de sumario, etc. ¿Qué desafíos presenta este panorama a la conciencia cristiana? ¿Qué tan efectivas son las políticas públicas, especialmente aquellas diseñadas para combatir la corrupción? ¿Qué lugar ocupa la ética en la lucha contra la corrupción? En el marco de estas preguntas, el autor se propone describir brevemente la corrupción como un obstáculo para el desarrollo; hacer un balance de las políticas públicas diseñadas para combatirlo; e identificar ciertos desafíos éticos. Esta presentación se basa en la experiencia peruana, que incluye la parte de los evangélicos.
546 ## - NOTA DE IDIOMA
Nota de idioma Texto en inglés
650 #7 - ASIENTO SECUNDARIO DE MATERIA - TERMINO TEMÁTICO
9 (RLIN) 2579
Término temático o nombre geográfico como elemento de entrada Políticas públicas
773 0# - ASIENTO DE ITEM FUENTE
Biblionumber 49416
Itemnumber 81935
Lugar, editorial y fecha de publicación Santiago de Chile
Otro identificador del ítem R1736
Título Journal of Latin American Theology :
Número de control del registro (CO-MdFUSB)118
Número Internacional Normalizado para Publicaciones Seriadas (ISSN) 1669-8949
Parte(s) relacionada(s) / Volumen., número. (mes año), páginas Volumen 12, número 2 (2017), páginas 83 - 102
Enumeración y primera página página 83
942 ## - TIPO DE MATERIAL (KOHA)
Tipo de Item KOHA Artículos de Revista

No hay ítems disponibles.

Biblioteca FUSBC | Teléfono: (57+4) 349 88 10 Ext. 141| WhatsApp (+57) 3005338115 
E-mail: biblioteca@unisbc.edu.co | Calle 76 87-14 Robledo Palenque, Medellín, Colombia

Con tecnología Koha